000 00658cam a22002055a 4500
001 L159263
008 160223s2016 xxk f 000 0 eng d
035 _a(Sirsi) u159263
041 _aeng
100 _aWatson, Stuart
245 _aCyber race
260 _c2016
490 0 _aConstruction News
_v7438, 08 April 2016, 24-28(4)
520 _aSoaring demand for data centres as UK consumes use more and more digital content. Discusses how to secure work in this complex market.
650 _aDATA CENTRES
650 2 4 _aINFORMATION AND COMMUNICATION TECHNOLOGY
690 _aCommercial property
_96227
690 _aInfrastructure
_96246
942 _n0
999 _c84854
_d84854